000 01194nam a22003497a 4500
003 CHAP
005 20220329140312.0
008 971013s1984 r 00010 d
010 _a50035
011 _a51007
035 _a55157
040 _cCHAP
090 _aTesis
100 0 0 _aRodríguez Avila, Jesús Humberto.
_998303
245 _aAnálisis dialélico de cruzas de arroz (Oryza sativa L.) para obtener resistencia a sequía
260 _aChapingo, Méx. ; El autor,
_c1984
300 _a224 h.
_b; gráfs.
502 _aTesis (M. C. Esp. en Genética) -- Colegio de Postgraduados
590 _aALEPH
_b10
_c20130110
_lUCH01
_h1323
590 _aBATCH-UPD
_b10
_c20130110
_lUCH01
_h0649
590 _aBATCH-UPD
_b10
_c20130410
_lUCH01
_h0333
590 _aBATCH-UPD
_b10
_c20130914
_lUCH01
_h0409
590 _aBATCH-UPD
_b10
_c20130914
_lUCH01
_h2006
590 _aCONVERSION
_b10
_c20130109
_lUCH01
_h1327
650 1 4 _aArroz
_xHíbridos.
_97619
650 1 4 _aArroz
_xResistencia a la sequía.
_97652
901 _aBK
942 _cFOLL
949 _bBC
_cTES
_d-121214
_eTS1
_i55157
_si
949 _bBC
_cTES
_d-121215
_eTS2
_fc.2
_i55157
_si
949 _bBC
_cTES
_d-121216
_eTS2
_fc.3
_i55157
_si
999 _c50035
_d50035